| 000 | 01397nam a2200361 c 4500 | ||
|---|---|---|---|
| 003 | BLK | ||
| 005 | 20250728165540.0 | ||
| 008 | 180408b bul|||||r ||||||| ||bul|| | ||
| 010 | _aKNG00085980000 | ||
| 020 | _a978-954-28-0120-7 | ||
| 040 | _aBLK | ||
| 041 |
_aBUL _cBUL |
||
| 080 |
_aАмериканска литература (на САЩ) _b821.111(73) _x-31 _z821.111(73)-31 |
||
| 100 | 1 |
_aКлавел, Джеймс _eпърви автор _9241598 |
|
| 139 |
_aКлавел, Джеймс _bК 63 |
||
| 245 | 1 | 0 |
_aГай-Джин _bРоман : Т. 1 - 2 _cДжеймс Клавел; прев. от англ. Емилия Стаматова; прев. от англ. Милена Лилова. _nТ. 1 |
| 250 | _a4. изд. | ||
| 257 | _aUSA | ||
| 260 |
_c2008 _aСофия _9209491 _bСиела Софт енд Паблишинг _n978-954-649- ; 978-954-28- |
||
| 300 |
_a688 с. _c21 см |
||
| 380 | _aX | ||
| 500 | _a1. изд. 1993 на изд. Библ. 48. - Ориг. загл. Gai-jin / Clavel. | ||
| 590 | _aф | ||
| 653 | _aромани | ||
| 700 | 1 |
_aСтаматова, Емилия _eпрев. от англ. _9363287 |
|
| 700 | 1 |
_aЛилова, Милена _eпрев. от англ. _9368982 |
|
| 852 | _aЦб 241588 | ||
| 856 | 4 | _qpdf | |
| 856 | 4 | _qpdf | |
| 942 |
_cKNG _n0 _016 |
||
| 944 |
_aCR _c22.10.2008 _k30545 _lНора Радева |
||
| 999 |
_c81476 _d81476 |
||
| 999 | _d81476 | ||